000 00409nam a2200181Ia 4500
005 20250603145254.0
008 250603s9999 xx 000 0 und d
020 _a9780072241
050 _aKP 123 .D3/
100 _aDada,J.A
245 0 _aLegal Aspects of Medical practice in Nigeria.
260 _aCalabar
260 _bUCP
260 _c2018
300 _a297 p
650 _aCalabar
942 _cBK
999 _c41372
_d41372